Botany / (Record no. 7566)
[ view plain ]
| 000 -LEADER | |
|---|---|
| fixed length control field | 00740cam a2200289 4500 |
| 001 - CONTROL NUMBER | |
| JCCL Control Number | 7566 |
| 003 - CONTROL NUMBER IDENTIFIER | |
| JCCL marc code | BD - JhCC |
| 005 - DATE AND TIME OF LATEST TRANSACTION | |
| control field | 20231115100202.0 |
| 008 - FIXED-LENGTH DATA ELEMENTS--GENERAL INFORMATION | |
| fixed length control field | 730924s1974 caua b 001 0 eng |
| 020 ## - INTERNATIONAL STANDARD BOOK NUMBER | |
| International Standard Book Number | 0471632503 |
| 035 ## - SYSTEM CONTROL NUMBER | |
| system control number | (BD - JhCC)7566 |
| 035 ## - SYSTEM CONTROL NUMBER | |
| system control number | (OCoLC)00714402 |
| 035 ## - SYSTEM CONTROL NUMBER | |
| system control number | GLIS00113418 |
| 040 ## - CATALOGING SOURCE | |
| Original cataloging agency | DLC |
| Transcribing agency | DLC |
| Modifying agency | CHS |
| -- | MYG |
| -- | BD - JhCC |
| 041 ## - LANGUAGE CODE | |
| Language code of Book | eng |
| 050 0# - LIBRARY OF CONGRESS CALL NUMBER | |
| Classification number | QK47 |
| Item number | .N396 |
| 082 ## - DEWEY DECIMAL CLASSIFICATION NUMBER | |
| Author mark and Year | NEU 1974 |
| 099 ## - LOCAL FREE-TEXT CALL NUMBER | |
| Classification number | QK47.N396 |
| 100 1# - MAIN ENTRY--PERSONAL NAME | |
| Personal name | Neushul, M. |
| 245 10 - TITLE STATEMENT | |
| Title | Botany / |
| Statement of responsibility, etc | Michael Neushul. |
| 260 ## - PUBLICATION, DISTRIBUTION, ETC. (IMPRINT) | |
| Place of publication, distribution, etc | Santa Barbara, Calif., |
| Name of publisher, distributor, etc | Hamilton Pub. Co. |
| Date of publication, distribution, etc | [1974] |
| 300 ## - PHYSICAL DESCRIPTION | |
| Pagination | xviii, 532 p. |
| Other physical details | illus. |
| Dimensions | 23 x 28 cm. |
| 504 ## - BIBLIOGRAPHY, ETC. NOTE | |
| Bibliography, etc | Bibliography: p. 481-483. |
| 650 #0 - SUBJECT ADDED ENTRY--TOPICAL TERM | |
| Topical term or geographic name as entry element | Botany. |
| 942 ## - ADDED ENTRY ELEMENTS (KOHA) | |
| Source of classification or shelving scheme | Dewey Decimal Classification |
| Koha item type | Books |
| Source of classification or shelving scheme | Damaged status | Not for loan | Home library | Current library | Shelving location | Date of accession | Full call number | Barcode | Date last seen | Copy number | Method of acquisition | Koha item type |
|---|---|---|---|---|---|---|---|---|---|---|---|---|
| Dewey Decimal Classification | JCC Rouf Library | JCC Rouf Library | General Stacks | 11/15/2023 | 581 NEU 1974 | 10135 | 02/11/2018 | C - 1 | Purchase | Books | ||
| Dewey Decimal Classification | JCC Rouf Library | JCC Rouf Library | General Stacks | 11/15/2023 | 581 NEU 1974 | 10144 | 02/11/2018 | C - 1 | Purchase | Books |